Utwory Ignacego Krasickiego - nagła śmierć - Statystyki

Ogólne statystyki
  • Ten quiz został rozwiązany 153 razy
  • Średni wynik to 5 z 9
Answers on the Grid
Answers color-coded by a green-red scale on the quiz's grid according to % correct below.
,,Żona modna"
,,Hymn do miłości Ojczyzny"
,,Kruk i lis"
,,Myszeida"
,,Monachomachia"
,,Pan Podstoli"
,,Dewotka"
,,Wojna chocimska"
,,Antymonachomachia"
,,Lalka"
,,Listy anonima"
,,Pan Tadeusz"
,,Katarynka"
,,Wiatr od morza"
,,Gloria victis"
 
Statystyki odpowiedzi
Odpowiedź % Poprawnych
,,Kruk i lis"
79%
,,Żona modna"
73%
,,Myszeida"
66%
,,Antymonachomachia"
63%
,,Monachomachia"
63%
,,Dewotka"
60%
,,Pan Podstoli"
44%
,,Hymn do miłości Ojczyzny"
42%
,,Wojna chocimska"
29%
Nie znaleziono quizów pasujących do podanych kryteriów
Rozkład punktacji
Procent ludzi z każdym wynikiem
Percentyl według liczby udzielonych odpowiedzi
Twoja historia wyników
Nie rozwiązałeś tego quizu